| 000 | 00532nam a2200205 a 4500 | ||
|---|---|---|---|
| 005 | 20210219152856.0 | ||
| 008 | 991125n 000 0 spa u | ||
| 035 | _aUPN01000064745 | ||
| 100 | _aDURASIEVICH, Yuri | ||
| 222 | _aEDUCACION | ||
| 245 | _aApuntes sobre la historia de la pedagogía : cuarta parte | ||
| 260 | _aCuba | ||
| 300 | _a38-47 | ||
| 362 | _a1976 Año 6, no. 23 oct.-dic. | ||
| 653 | 0 | _aCIENCIAS | |
| 653 | 0 | _aCONOCIMIENTO | |
| 653 | 0 | _aHISTORIA EDUCATIVA | |
| 904 |
_aAC _b002556 |
||
| 905 | _aArticulo | ||
| 999 |
_c62703 _d62703 |
||